000 00737nam a22002417a 4500
999 _c386696
_d386696
001 100822
003 UA-OsUOA
005 20191125151518.0
007 ta
008 20130531b un ||||| |||| 00| 0 ukr d
040 _aUA-OsUOA
_brus
_cUA-OsUOA
_dUA-OsUOA
041 _arus
080 _a821.161.1
090 _a821.161.1
_bШ72
100 _aШмелев И
245 _aПути небесные
_bизбранные произведения
_cИван Шмелев
260 _aМ.
_bСоветский писатель
_c1991
300 _a587 с.
650 7 _a82 Література. Літературознавство
_2UDC
942 _cBK
_2udc
955 _a3